000 00410nmm a2200145Ia 4500
008 251105s9999||||xx |||||||||||||||||und||
041 _aspa
100 _aSandoval, Eva
245 0 _aTu poder Ninja
264 _a[Madrid, España] :
_bEdiciones B,
_c2017
300 _a272 páginas
650 _aSelf-help and personal development
856 _uhttps://public.digitaliapublishing.com/a/54531
942 _cCF
999 _c106420
_d106420